| 000 | 00790cam a2200241 a 4500 | ||
|---|---|---|---|
| 001 | 1637367 | ||
| 005 | 20180227092829.0 | ||
| 008 | 961113s1997 cau b 001 0 eng | ||
| 010 | _a 96050184 | ||
| 020 | _a0787908088 (alk. paper) | ||
| 040 |
_aDLC _cDLC _dDLC |
||
| 041 | _aeng | ||
| 043 | _an-us--- | ||
| 080 | _a352.60973 PYN | ||
| 082 | 0 | 0 |
_a352.60973 PYN _221 |
| 100 | 1 | _a52 | |
| 101 | _aBNJ | ||
| 245 | 1 | 0 |
_aHuman resources management for public and nonprofit organizations / _cJoan E. Pynes. |
| 504 | _aIncludes bibliographical references (p. 303-326) and indexes. | ||
| 906 |
_a7 _bcbc _corignew _d1 _eocip _f19 _gy-gencatlg |
||
| 942 |
_2ddc _cBK |
||
| 999 |
_c43652 _d43652 |
||